Municipios españoles más poblados que comienzan con S - Estadísticas

Estadísticas generales
  • Esta prueba ha sido intentada 3.732 veces
  • La puntuación promedio es 9 de 20
Estadísticas de respuestas
Población Municipio Comunidad % Correcto
684.164 Sevilla Andalucía
98%
143.666 Salamanca Castilla y León
77%
172.655 Santander Cantabria
77%
50.926 Segovia Castilla y León
74%
188.136 San Sebastián País Vasco
73%
92.417 San Sebastián de los Reyes Com. de Madrid
73%
208.906 Santa Cruz de Tenerife Canarias
71%
217.968 Sabadell Cataluña
61%
98.716 Santiago de Compostela Galicia
59%
97.579 Sant Cugat del Vallès Cataluña
30%
70.486 Sagunt Com. Valenciana
28%
119.195 Santa Coloma de Gramenet Cataluña
28%
159.576 San Cristóbal de La Laguna Canarias
23%
69.819 Sanlúcar de Barrameda Andalucía
21%
94.072 San Fernando Andalucía
20%
83.667 Sant Boi de Llobregat Cataluña
20%
52.166 Siero Asturias
13%
76.418 Santa Lucía de Tirajana Canarias
12%
59.964 Sant Vicent del Raspeig Com. Valenciana
11%
54.668 San Bartolomé de Tirajana Canarias
8%
No se encontraron pruebas coincidentes
Distribución de puntuación
Porcentaje de gente con cada puntuación
Porcentaje por número respondido
Historial de tus puntuaciones
No has intentado esta prueba.